Tilastot visalle Valtioiden muotoja #3

Klikkaa tästä pelataksesi tätä visaa!

Yleistilastot

  • Tätä visaa on pelattu 750 kertaa
  • Keskiarvotulos 11 / 16

Vastaustilastot

Vastaus% Oikein
Ruotsi
94%
Saksa
90%
Kypros
89%
Kroatia
85%
Somalia
85%
Thaimaa
84%
Ukraina
76%
Mongolia
71%
Madagaskar
70%
Portugali
70%
Tšad
61%
Iran
59%
Peru
56%
Bangladesh
55%
Kongon dem. tasavalta
55%
Haiti
46%

Tulosjakauma

Persentiili vastausten määrän mukaan

Jokaisen tuloksen saaneiden osuus

Tuloshistoriasi

Et ole pelannut tätä visaa